Democratización y política exterior /

Збережено в:
Бібліографічні деталі
Автор: Sojo, Carlos
Формат: Текст
Предмети:
Теги: Додати тег
Немає тегів, Будьте першим, хто поставить тег для цього запису!

MARC

LEADER 00000 a a2200000 04500
001 45437
003
040
100 |a Sojo, Carlos  
245 |a Democratización y política exterior /  |c Carlos Sojo  
500 |a Antes se llamaba: ALAI SERVICIO MENSUAL DE INFORMACION Y DOCUMENTACION  
650 |a POLITICA   |a 1.OSCAR ARIAS SANCHEZ  
650 |a DEMOCRACIA  
650 |a LIBERALISMO  
773 |g volumen11, número95, II (Septiembre, 1987)  
999 |c 27217  |d 27217